|
|
|
|
| LEADER |
00602cam a2200181ua 4500 |
| 020 |
|
|
|a 81-297-0022-0
|
| 082 |
1 |
4 |
|a 658.404
|b ANG-P
|
| 100 |
1 |
|
|a Angus, Robert B .
|
| 245 |
1 |
0 |
|a Planning, performing and controlling projects: principles and applications /
|
| 250 |
|
|
|a 3rd ed.;
|
| 260 |
|
|
|a Delhi :
|b Pearson Education Asia ,
|c 2006.
|
| 300 |
|
|
|a 317p ;
|
| 650 |
|
0 |
|a Project management
|
| 700 |
|
|
|a Gundersen,Norman A.
|
| 700 |
|
|
|a Cullinane,Thomas P.
|
| 942 |
|
|
|c BK
|
| 999 |
|
|
|c 31870
|d 31870
|
| 952 |
|
|
|0 0
|1 0
|4 0
|6 658_404000000000000_ANGP
|7 0
|9 40864
|a KU
|b KU
|d 2015-07-05
|l 0
|o 658.404 ANG-P
|p MB03161
|r 2020-12-24
|y BK
|